000 00568cam a2200181 a 4500
001 000001240
005 20200929145522.0
008 811015s1966 sp 000 0aspa
040 _aDO-SdBNP
_bspa
_cBNPHU
082 _a920
_bM971h
100 1 _aMunthe, Axel,
_d1857-1949
_94225
245 1 3 _aLa historia de San Michele /
_cAxel Munthe.
260 _aBarcelona :
_bJuventud,
_c1966.
300 _a334 p. ;
_c23 cm.
600 1 0 _aMUNTHE, AXEL,
_d1857-1949
_94226
650 4 _aAventuras
_zEuropa
_vBIOGRAFÍA
_94227
651 4 _aIsla De Capri (Italia{Rpara}
_vBIOGRAFÍA
_94228
999 _c1186
_d1186